000
00296nam a2200145Ia 4500
100
_a
Shekhar
942
_c
BK
366
_f
20
245
_a
Management Guru Chanakya
260
_b
DIAMOND BOOKS
_c
2011
082
_a
808.83
_b
SHE
300
_a
159
546
_a
MARATHI
_c
Computers
999
_c
19248
_d
19248